| 000 | 00518nam a2200193 4500 | ||
|---|---|---|---|
| 001 | VA44636 | ||
| 003 | ES-SlBCS | ||
| 005 | 20210601155931.0 | ||
| 008 | 140520s1985 xxu||||| |||| 00| 0 spa d | ||
| 017 | _aNA 666-1984 (II | ||
| 020 | _a84-313-0914-8 | ||
| 041 | _aspa | ||
| 100 | 1 |
_aPolo, Leonardo _d, 1926-2013 _9160646 |
|
| 245 | 1 | 0 |
_aCurso de TeorĂa del Conocimiento _b:Tomo II _cLeonardo Polo |
| 260 |
_aPamplona : _bEunsa _c, 1985 |
||
| 300 |
_a335 p.; _c21 cm |
||
| 650 | 0 | 4 |
_aConocimiento _9113574 |
| 942 | _cBK | ||
| 999 |
_c823637 _d823637 |
||